00572nam a22001697a 450000500170000001000160001702000260003303500140005903700090007308200090008210000210009124500580011226000520017027001530022230000210037576000060039620240911124920.0 aENG- 140823 c499.00a9789354714047 aEN-124355 bDBAD aN21 aCollins, Suzanne aThe Hunger Games:bTatching Fire/cBy Suzanne Collins aDublinbPublished in the UK by Schoastic,c2021 bDublinaEuston House, 24 Eversholt street, london, NWI IDb Scholastic Ireland, 89E Lagan Road, Dublin Industrial Estate, Glasnevin,Dublin,eDII HP5F a472pg.c20cm(hb) b1